000 00595nam a2200193Ia 4500
999 _c8071
_d8071
003 OSt
005 20200114102309.0
008 190216s9999||||xx |||||||||||||| ||und||
020 _a9780230636101
040 _coclc
082 _a345.40682
_bFIN/L
100 _aIndian Institute Of Banking And Finance
_91155
245 0 _aLegal & Regulatory Aspects Of Banking /
_cIndian Institute Of Banking And Finance
250 _a2nd ed.
260 _bMacmillan
_c2012
_aNew Delhi :
300 _a476p
650 _aBanking
942 _cBK
_2ddc
_h345.40682
_iFIN/L
_k345.40682
_mFIN/L